000 00375nam a2200145Ia 4500
008 230711s9999||||xx |||||||||||||| ||und||
041 _aENG
082 _a624
_bAL-G
100 _aAlam Singh
245 0 _aModern Geotechnical Engineering
250 _a1st . Ed.
260 _c1986
_aNew Delhi
_bCBS Publishers & Distributors Pvt.Ltd
650 _aCivil Engineering
942 _cBK
999 _c914
_d914